LPA Direct Flights - Statistics

General Stats
  • This quiz has been taken 9 times
  • The average score is 115 of 127
Answers on the Map
Answers color-coded by a green-red scale on the quiz's map according to % correct below.
 
Answer Stats
Answer % Correct
A Coruña
100%
Agadir
100%
Alicante-Elche
100%
Amsterdam
100%
Asturias
100%
Barcelona-El Prat
100%
Belfast
100%
Bergen
100%
Berlin
100%
Bilbao
100%
Billund
100%
Birmingham
100%
Bologna
100%
Bournemouth
100%
Bristol
100%
Brussels
100%
Bucharest
100%
Budapest
100%
Casablanca
100%
Cologne/Bonn
100%
Copenhagen
100%
Cork
100%
Dakar
100%
Dakhla
100%
Dublin
100%
Düsseldorf
100%
Edinburgh
100%
EuroAirport
100%
Faroe Islands
100%
Frankfurt
100%
Funchal
100%
Geneva
100%
Glasgow
100%
Gothenburg-Landvetter
100%
Granada-Jaén
100%
Graz
100%
Hamburg
100%
Helsinki-Vantaa
100%
Kraków
100%
Leeds/Bradford
100%
Leipzig/Halle
100%
Lisbon
100%
Liverpool
100%
Ljubljana
100%
London Gatwick
100%
London-Luton
100%
London-Southend
100%
London Stansted
100%
Luxembourg
100%
Lyon
100%
Madrid
100%
Málaga
100%
Manchester
100%
Marrakesh
100%
Milan-Bergamo
100%
Milan Linate
100%
Milan Malpensa
100%
Munich
100%
Nantes
100%
Naples
100%
Newcastle upon Tyne
100%
Nouakchott
100%
Oslo
100%
Ostend-Bruges
100%
Palma de Mallorca
100%
Paris CDG
100%
Paris-Orly
100%
Pisa
100%
Porto
100%
Prague
100%
Reykjavík-Keflavík
100%
Riga
100%
Rome-Fiumicino
100%
Rotterdam/The Hague
100%
Sal
100%
Salzburg
100%
San Sebastián
100%
Seville
100%
Shannon
100%
Stavanger
100%
Stockholm
100%
Stuttgart
100%
Tallinn
100%
Tenerife North
100%
Tenerife South
100%
Treviso
100%
Trondheim
100%
Valencia
100%
Vienna
100%
Vigo
100%
Vilnius
100%
Zaragoza
100%
Almería
75%
Badajoz
75%
Córdoba
75%
East Midlands
75%
Eindhoven
75%
Fuerteventura
75%
Groningen/Eelde
75%
Hanover
75%
Jerez de la Frontera
75%
La Gomera
75%
Lanzarote
75%
Liège
75%
Melilla
75%
Menorca
75%
Murcia
75%
Nuremberg
75%
Pamplona
75%
Santander
75%
Santiago de Compostela
75%
Valladolid
75%
Verona
75%
Zürich
75%
Brussels-Charleroi
50%
Frankfurt-Hahn
50%
Glasgow-Prestwick
50%
Karlsruhe/Baden-Baden
50%
Laayoune
50%
La Palma
50%
León
50%
Memmingen
50%
Nouadhibou
50%
Ponta Delgada
50%
Sandefjord
50%
Valverde
50%
Guelmim
0%
No matching quizzes found
Score Distribution
Percent of People with Each Score
Percentile by Number Answered
Your Score History
You have not taken this quiz